| 000 | 01049nac a22002777a 4500 | ||
|---|---|---|---|
| 001 | BR7906717 | ||
| 003 | BR-BrBNA | ||
| 005 | 20240105114523.0 | ||
| 008 | 230509b bl.|||m| |||| 00| 0 por d | ||
| 040 |
_aBR-BrBNA _bpor _cBiblioteca Nacional de Agricultura |
||
| 072 | _aF25; E10; E70 | ||
| 090 | _a3801 BR7906717 | ||
| 110 | 1 | _aUltrafertil S.A. Industria e Comercio de Fertilizantes, Sao Paulo, SP (Brasil) | |
| 245 | 1 | _aRelatorio da Diretoria [Ultrafertil S.A. Industria e Comercio de Fertilizantes; Administracao de empresa; Contabilidade; Investimento; Mercado nacional; Brasil] | |
| 260 | 3 |
_aSao Paulo, SP (Brasil): _c[nd]. |
|
| 300 | _a22 p. | ||
| 490 |
_aRelatorio da Administracao - Ultrafertil S.A. Industria e Comercio de Fertilizantes (Brazil) _v _x |
||
| 500 | _a16 illus.; Published 1979? | ||
| 650 | _aFERTILIZANTE | ||
| 650 | _aADMINISTRACAO DE EMPRESA | ||
| 650 | _aCONTABILIDADE | ||
| 650 | _aINVESTIMENTO | ||
| 650 | _aMERCADO NACIONAL | ||
| 909 |
_a202312 _bLúcia Elande _c55 _dLúcia Elande |
||
| 942 |
_2AGRIS _n0 _cMS |
||
| 999 |
_c269820 _d269820 |
||